000 01939cam a22005054i 4500
003 PE-LiUPU
005 20260203121844.0
008 150706s2009 ck rb 000 0 spa d
020 _a9781575548258
035 _a(Sirsi) i9781575548258
040 _aPE-LiUPU
_bspa
_cPE-LiUPU
_erda
049 _aPRUA
082 0 4 _a286.732
_bCA
_221
100 1 _aHeppenstall, Edward,
_eautor.
245 1 0 _aSalvación sin límites /
_cEdward Heppenstall.
264 1 _aBogotá :
_bAsociación Publicadora Interamericana,
_c2009.
300 _a235 páginas ;
_c24 centímetros.
336 _atext
_2rdacontent
337 _aunmediated
_2rdamedia
338 _avolume
_2rdacarrier
490 0 _aClásicos del Adventismo ;
_v3
504 _aIncluye bibliografía complementaria.
505 0 _aEl hombre: ¿Quién es? ¿Qué es? -- La justicia salvadora revelada -- Dios "absuelve al culpable" -- "El justo por la fé vivirá" -- "Arrepentimiento para vida" -- El don de Cristo es la vida" -- Cristo nuestra santificación -- Guiados por el Espíritu -- La obediencia de la fe -- Una fe, una misión.
526 _aSEG42
526 _aSEG41
526 _aSEG40
526 _aSEG39
526 _aP94
526 _aP87
526 _aP86
526 _aP85
526 _aP77
526 _aP76
526 _aP35
650 1 0 _aSalvación
_9870
700 1 _aCotés, Félix,
_etr.
910 _bjv
_cjvm
_d20100517
942 _2ddc
_cBOOK
949 _a286.732 CA 3
_wDEWEY
_c1
_i61631
_lCCODEBUL1
_mBUL
_r0
_sY
_tBOOK
_u2015-7-6
_xTEOLOGIA
_PP35
_o.STAFF. Colección General
994 _aC0
_bPEPRU
596 _a1
999 _a286.732 CA 3
_wDEWEY
_c50816
_i61631
_d50816
_e2022-7-8
_f2021-11-11
_g6
_lCCODEBUL1
_mBUL
_n11
_p12.00
_q6
_r0
_sY
_tBOOK
_u2015-7-6
_xTEOLOGIA
_PP35
_o.STAFF. Colección Teología
980 _818226
_gJaime Vilcazán Jefe de Análisis Documental